Nomi, cose e città: colori - Statistics

Statistiche generali
  • Questo quiz è stato fatto 327 volte
  • Il punteggio medio è 13 su 20
Statistiche sulle risposte
Hint Risposta % Corretto
A Acquamarina|Albicocca|Amaranto|Ambra|Ametista|Anguria|Antracite|Aragosta|Arancione|Ardesia|Argento|Asparago|Avio|Avorio|Azalea|Azzurro
100%
B Beige|Bianco|Biscotto|Bistro|Blu|Bordeaux|Borgogna|Bronzo
100%
G Gainsboro|Giada|Giallo|Glicine|Granata|Grano|Grigio
98%
R Rame|Rosa|Rosso|Rubino
96%
C Camoscio|Carbone|Carminio|Carta da zucchero|Castagno|Celadon|Celeste|Ceruleo|Chartreuse|Ciano|Ciliegia|Cobalto|Corallo|Crema|Cremisi
95%
V Verde|Vermiglio|Vinaccia|Viola|Violetto
94%
M Magenta|Magnolia|Malva|Mandarino|Marrone|Melanzana|Mogano
91%
N Nero
85%
I Incarnato prugna|Indaco|Isabella
76%
O Ocra|Olivina|Orchidea|Oro
72%
F Fiore di granturco|Foglia di tè|Fucsia|Fulvo
66%
L Lavanda|Lilla|Lime|Limone
65%
P Papaia|Pera|Pervinca|Pesca|Platino|Porpora
57%
T Tanno|Tè verde|Tenné|Terra d'ombra|Terra di Siena|Testa di moro|Tronco|Turchese
47%
S Sabbia|Salmone|Sangria|Scarlatto|Senape|Seppia|Solidago
42%
Z Zafferano|Zaffiro
30%
K Kaki
22%
E Ecru|Eliotropo
13%
D Denim
6%
U Uovo di pettirosso
4%
Nessun quiz corrispondente trovato
Distribuzione punteggi
Percentuale di utenti per punteggio
Percentile per numero di risposta
I tuoi punteggi nel tempo
Non hai fatto questo quiz